|
|
|
|
| LEADER |
00903nam a2200241 u 4500 |
| 001 |
10049456 |
| 003 |
upatras |
| 005 |
20210117200409.0 |
| 008 |
040209s1981 ii eng |
| 040 |
|
|
|a GR-PaULI
|c GR-PaULI
|
| 041 |
0 |
|
|a eng
|
| 082 |
0 |
4 |
|a 519.2
|
| 100 |
1 |
|
|a Bhat, Rambas B.
|9 41062
|
| 245 |
1 |
0 |
|a Modern propability theory
|b an introductory textboook
|c B. Rambas Bhat
|
| 260 |
|
|
|a New Delhi
|b Wiley Eastern Limited
|c 1981
|
| 300 |
|
|
|a xv, 267 p.
|c 24 cm.
|
| 504 |
|
|
|a Include bibliography and index
|
| 650 |
|
4 |
|a Πιθανότητες
|9 199
|
| 852 |
|
|
|a GR-PaULI
|b ΠΑΤΡΑ
|b ΒΚΠ
|b ΒΣ1
|k ΑΣΧΞ-12
|h 519.2 ΒΗΑ
|m 074182
|p 025000041514
|t 1
|
| 942 |
|
|
|2 ddc
|c BK15
|
| 952 |
|
|
|0 0
|1 0
|4 0
|6 519_200000000000000_ΒΗΑ
|7 0
|9 40852
|a LISP
|b LISP
|c BSC
|d 2016-04-24
|i 074182
|l 0
|o 519.2 ΒΗΑ
|p 025000041514
|r 2016-04-24 00:00:00
|t 1
|w 2016-04-24
|y BK15
|
| 998 |
|
|
|c ΣΑΤΛΑΝΗΣ
|d 2004-02
|
| 999 |
|
|
|c 26250
|d 26250
|